Регионална библиотека "Любен Каравелов" - Русе

Целувката (Запис номер 177392)

MARC детайли
000 -Лидер
Контролно поле с фиксирана дължина 01400nam a2200349 c 4500
003 - Код на организацията, давaща контролен номер
Контролно поле BLK
005 - Дата и час на последна редакция
Контролно поле 20190514122547.0
008 - Елементи от данни с фиксирана дължина
fixed length control field 180411b bul|||||r ||||||| ||bul||
010 ## - Наследен системен номер
LC control number KNG00186057000
020 ## - Международен стандартен номер на книга ISBN
Международен стандартен номер на книга ISBN 978-619-165-034-7
-- издат.: Ергон
040 ## - Източник на каталожния запис
Идентификатор на билиотеката - собственик на записа BLK
041 ## - Код за език
Код за езика на текст/звукозапис или на отделно заглавие Български
Код за езика КДБФ Български
072 #7 - Код за тематичната категория
Код организация bullib
Код за тематична категория Н83
Текст Чужда художествена литература Н
080 ## - УДК
Текстов определител УДК Английска литература
УДК код - определител по УДК 821.111
УДК определител -31
УДК - код + определител 821.111-31
100 1# - Редна дума - Автор
Автор Уилсън, Джаклин
Авторска отговорност първи автор
R(LIN) 341030
139 ## - Редно поле
Редна дума Уилсън, Джаклин
Авторски знак Уилс - У 39
245 10 - Сведения за заглавието
Заглавие Целувката
Подзаглавни данни Роман
Редно поле (дума) Джаклин Уилсън; прев. от англ. Мирела Стефанова Стефанова.
257 ## - Страна на издаване
Страна на създаване/издаване Великобритания
260 ## - Област на издателските данни
-- София
Име на издателя, разпространителя и проч. Ергон
Година на издаване 2015
Печатница София : Инвестпрес
300 ## - Физическа характеристика
Страници 312 с.
Размери/Мащаб 20 см
380 ## - Жанр
Жанр Худож. лит.
490 1# - СЕРИИ (Колекции)
Име на серия Библиотека Малък свят
500 ## - Общи забележки
Забележка Ориг. загл. The Kiss / Jacqueline Wilson. - Съдържа и за авт.
653 ## - Ключова дума – ненормативна
Ключова дума романи
659 ## - Тематичен бюлетин
Тематичен бюлетин Н
700 1# - Други автори (авторска отговорност)
Лично име Стефанова, Мирела Стефанова
Автороска отговорност (Описва отношението между автора и произведението) прев. от англ.
9 (RLIN) 367650
852 ## - Местоположение
Форматна сигнатура Цб 279155
856 4# - Електронен адрес и достъп
Електронен формат pdf - файл
Път до файла /url/
856 4# - Електронен адрес и достъп
Електронен формат pdf - файл
Път до файла /url/
942 ## - АРТИКУЛИ
Вид на библиотечния материал Книги
Скрит в OPAC Не
Koha issues (borrowed), all copies 9
944 ## - СЪЗДАВАНЕ И РЕДАКЦИЯ на ЗАПИСА
Създаване/Редакция Създаване
Дата на регистрацията/редакция 02.02.2016
Статус, дата на статуса ф /
Служител, извършил регистрацията/редакцията Виолета_Тройчева
944 ## - СЪЗДАВАНЕ И РЕДАКЦИЯ на ЗАПИСА
Създаване/Редакция Редакция
Дата на регистрацията/редакция 16.12.2017
Статус, дата на статуса ф /
Служител, извършил регистрацията/редакцията Виолета_Тройчева
999 ## - СИСТЕМНИ КОНТРОЛНИ НОМЕРА
Koha biblionumber 177392
Koha biblioitemnumber 177392
Наличности
Код за отписване Код за изгубен артикул Код за повреда Коз за рестрикции Код за отдаване Артикулен № Име на библиотеката - собственик Име на библиотеката, в която се намира в момента Статус (Текущо местоположение) Дата на вписване в системата Местоположение - отдел Цена в лева Инвентарен номер Систематично азбучна сигнатура Баркод Номер на екземпляра Цена в евро Служебна бележка Служебен тип на артикула Източник на класификационната схема
  Не е изгубен Не е повреден без рестрикции ползва се в читалня 304944 Регионална библиотека "Любен Каравелов" Русе Регионална библиотека "Любен Каравелов" Русе Хранилище 2016-02-02 Хранилище 15.00 120000797308 Цб 279155 120000797308 1 7.67 Дост: Dp Вид: Д N: 51 Дата: 02.12.2015 Книги  
  Не е изгубен Не е повреден без рестрикции заемане за дома 304945 Регионална библиотека "Любен Каравелов" Русе Регионална библиотека "Любен Каравелов" Русе Заемна - подръчен фонд 2016-02-19 Заемна - подръчен фонд 15.00 120000798119 П 820-31/У 39 120000798119 2 7.67 Дост: Pk Вид: Ф N: 456 Дата: 19.02.2016 Дата инв: 15.02.2018 Бележки инв: П2018 Книги Universal Decimal Classification
Vip Innovations Ltd, Rousse, Bulgaria 2025